00449nam a22001337a 4500003000200000005001700002008004100019050002200060100002800082245009300110260007200203300002200275500001800297020231107095553.0230929b xxu||||| |||| 00| 0 eng d aBF 698b.V47 2022 aVergara, Paul Andrei T. aExtroversion and self-control of young adults in the new normalcVergara, Paul Andrei T. aLas Pinas CitybSouthville International School and CollegescC2022 aix, 106pp.c28cm. aExtroversion.